| 000 | 00000cas 2200000za 4500 |
| 001 | 9.834767 |
| 003 | CaOODSP |
| 005 | 20260514100701 |
| 007 | cr ||||||||||| |
| 008 | 170404c19839999oncuu m o s f0###|0fre|d |
| 040 | |aCaOODSP|bfre |
| 041 | |aeng|afre |
| 043 | |an-cn--- |
| 086 | 1 |aCS11-613-PDF |
| 086 | 1 |aCS11-614-PDF |
| 086 | 1 |aCS11-615-PDF |
| 086 | 1 |aCS11-616-PDF |
| 086 | 1 |aCS11-617-PDF |
| 086 | 1 |aCS11-618-PDF |
| 086 | 1 |aCS11-619-PDF |
| 086 | 1 |aCS11-620-PDF |
| 086 | 1 |aCS11-620F-PDF |
| 130 | 0 |aCahier de travail (Statistique Canada. Direction de la méthodologie) |
| 245 | 10|aCahier de travail |h[ressource électronique] / |cDirection de la méthodologie. |
| 246 | 10|aWorking paper |
| 260 | |a[Ottawa] : |bStatistique Canada, |c1983- |
| 310 | |aIrrégulier |
| 362 | 1 |aParaît depuis 1983. |
| 546 | |aCertaines livr. comportent des textes en français et en anglais sur 2 col. |
| 692 | 07|2gccst|aStatistique |
| 710 | 1 |aCanada. |bStatistique Canada. |bDirection de la méthodologie. |
| 791 | |tWorking paper |eeng|w(CaOODSP)9.834763 |